000
00302nam a22001337a 4500
020
_a
978-81-7992-814-1
082
_a
158
_b
SHA/G
100
_a
SHARMA,ROBIN
245
_a
THE GREATNESS GUIDE 2
260
_a
INDIA
_b
JAICO BOOKS
300
_a
203
650
_a
PERSONALITY DEVELOPMENT
_z
INDIA
942
_c
BK
999
_c
5346
_d
5346